000 00405nam a2200157Ia 4500
008 131103s9999 xx 000 0 und d
040 _aLoreto College
041 _aEnglish
082 _aF/SAL
_bLCBED/6650
245 _aRaise high the roof beam, carrenters
260 _aEngland
_bPenguin Books
_c1964
300 _a157p.
_c 20cm.
650 _aEnglish fiction
850 _aLCBED/F/SAL
942 _cBK
999 _c32978
_d83457